[Event "v4camp2016"]
[Site "?"]
[Date "2016.06.22"]
[Round "2.10"]
[White "Skafar, Darya"]
[Black "Pogadl, Martin"]
[Result "1-0"]
[BlackElo "1464"]
[WhiteElo "2050"]
[LiveChessVersion "1.4.8"]

1. e4 {[%clk 1:30:58]} c5 {[%clk 1:30:56]} 2. Nf3 {[%clk 1:31:15]} Nc6
{[%clk 1:31:18]} 3. Bb5 {[%clk 1:31:11]} e6 {[%clk 1:31:42]} 4. c3
{[%clk 1:26:32]} Nf6 {[%clk 1:29:32]} 5. Qe2 {[%clk 1:19:23]} Be7
{[%clk 1:26:41]} 6. O-O {[%clk 1:14:49]} O-O {[%clk 1:25:21]} 7. d4
{[%clk 1:06:06]} cxd4 {[%clk 1:21:49]} 8. cxd4 {[%clk 1:05:03]} d5
{[%clk 1:21:29]} 9. e5 {[%clk 1:02:45]} Nd7 {[%clk 1:17:48]} 10. Nc3
{[%clk 0:56:53]} Nb6 {[%clk 1:13:50]} 11. Bf4 {[%clk 0:48:45]} Bd7
{[%clk 1:10:09]} 12. Rad1 {[%clk 0:42:57]} Rc8 {[%clk 1:08:49]} 13. Bd3
{[%clk 0:32:47]} Nb4 {[%clk 1:04:54]} 14. Bb1 {[%clk 0:27:57]} Nc4
{[%clk 1:02:22]} 15. a3 {[%clk 0:23:32]} Nc6 {[%clk 0:59:08]} 16. Qc2
{[%clk 0:20:01]} g6 {[%clk 0:56:33]} 17. Bh6 {[%clk 0:19:56]} Re8
{[%clk 0:56:34]} 18. Rd3 {[%clk 0:17:29]} Bf8 {[%clk 0:55:13]} 19. Bxf8
{[%clk 0:15:21]} Rxf8 {[%clk 0:55:00]} 20. Qc1 {[%clk 0:14:24]} Kg7
{[%clk 0:51:29]} 21. Nd2 {[%clk 0:10:09]} Ne7 {[%clk 0:48:52]} 22. Nxc4
{[%clk 0:09:30]} Rxc4 {[%clk 0:48:45]} 23. Rh3 {[%clk 0:08:40]} Ng8
{[%clk 0:45:00]} 24. Qd2 {[%clk 0:08:03]} Qb6 {[%clk 0:42:52]} 25. Rd1
{[%clk 0:06:46]} Rfc8 {[%clk 0:40:52]} 26. Ba2 {[%clk 0:05:17]} R4c6
{[%clk 0:37:59]} 27. Rf3 {[%clk 0:03:08]} Rf8 {[%clk 0:37:00]} 28. Na4
{[%clk 0:01:51]} Qc7 {[%clk 0:36:46]} 29. Bb3 {[%clk 0:00:47]} b6
{[%clk 0:32:46]} 30. Nc3 {[%clk 0:01:00]} Qd8 {[%clk 0:30:50]} 31. Qd3
{[%clk 0:00:43]} Rc7 {[%clk 0:29:58]} 32. Rh3 {[%clk 0:00:36]} Qe7
{[%clk 0:29:10]} 33. f4 {[%clk 0:00:37]} Nh6 {[%clk 0:28:14]} 34. Qd2
{[%clk 0:00:44]} Rh8 {[%clk 0:27:09]} 35. Bc2 {[%clk 0:00:38]} Bc6
{[%clk 0:26:08]} 36. f5 {[%clk 0:00:34]} Nxf5 {[%clk 0:23:35]} 37. Bxf5
{[%clk 0:00:52]} exf5 {[%clk 0:23:45]} 38. Qh6+ {[%clk 0:01:02]} Kg8
{[%clk 0:24:11]} 39. Re3 {[%clk 0:00:43]} Qe6 {[%clk 0:23:56]} 40. Ree1
{[%clk 0:00:35]} Rc8 {[%clk 0:23:19]} 41. Rc1 {[%clk 0:00:49]} Qd7
{[%clk 0:21:45]} 42. Ne2 {[%clk 0:00:48]} Bb7 {[%clk 0:20:40]} 43. Rxc8+
{[%clk 0:01:06]} Bxc8 {[%clk 0:20:14]} 44. Rc1 {[%clk 0:01:09]} Bb7
{[%clk 0:19:52]} 45. Nf4 {[%clk 0:00:36]} a6 {[%clk 0:18:19]} 46. Re1
{[%clk 0:00:33]} Bc8 {[%clk 0:16:45]} 47. Rc1 {[%clk 0:00:42]} Bb7
{[%clk 0:16:44]} 48. Qg5 {[%clk 0:00:47]} Kf8 {[%clk 0:16:10]} 49. Qf6
{[%clk 0:01:08]} Rg8 {[%clk 0:15:31]} 50. Qxb6 {[%clk 0:00:49]} Bc8
{[%clk 0:15:05]} 51. Qd6+ {[%clk 0:00:42]} Kg7 {[%clk 0:14:31]} 52. Qf6+
{[%clk 0:00:54]} Kf8 {[%clk 0:14:36]} 53. e6 {[%clk 0:00:41]} 1-0

[Event "v4camp2016"]
[Site "?"]
[Date "2016.06.22"]
[Round "2.11"]
[White "Taragelova, Martina"]
[Black "Zakharikov, Ivan"]
[Result "1/2-1/2"]
[BlackElo "1982"]
[WhiteElo "1656"]
[LiveChessVersion "1.4.8"]

1. e4 {[%clk 1:30:57]} d6 {[%clk 1:30:53]} 2. d4 {[%clk 1:31:04]} Nf6
{[%clk 1:31:14]} 3. Nc3 {[%clk 1:31:18]} g6 {[%clk 1:31:37]} 4. Bg5
{[%clk 1:30:12]} Bg7 {[%clk 1:31:45]} 5. Qd2 {[%clk 1:25:47]} c6 {[%clk 1:18:47]}
6. f3 {[%clk 1:18:22]} h6 {[%clk 1:10:00]} 7. Be3 {[%clk 1:16:46]} Nbd7
{[%clk 1:08:43]} 8. Bc4 {[%clk 1:08:46]} b5 {[%clk 1:05:05]} 9. Bb3
{[%clk 1:06:55]} Bb7 {[%clk 1:02:23]} 10. a3 {[%clk 1:04:29]} Qc7
{[%clk 1:01:47]} 11. Nge2 {[%clk 1:04:01]} h5 {[%clk 1:00:47]} 12. O-O-O
{[%clk 0:59:30]} Nb6 {[%clk 0:55:53]} 13. Kb1 {[%clk 0:56:12]} O-O
{[%clk 0:40:37]} 14. Bh6 {[%clk 0:54:08]} Nc4 {[%clk 0:32:52]} 15. Bxc4
{[%clk 0:52:27]} bxc4 {[%clk 0:33:19]} 16. Bxg7 {[%clk 0:52:04]} Kxg7
{[%clk 0:33:47]} 17. Rdg1 {[%clk 0:51:02]} Rh8 {[%clk 0:31:12]} 18. h4
{[%clk 0:49:47]} Bc8 {[%clk 0:27:35]} 19. Nf4 {[%clk 0:48:31]} e5
{[%clk 0:26:37]} 20. dxe5 {[%clk 0:47:02]} dxe5 {[%clk 0:27:04]} 21. Nfe2
{[%clk 0:47:09]} Be6 {[%clk 0:26:38]} 22. Qe3 {[%clk 0:46:51]} Rab8
{[%clk 0:25:45]} 23. Ka1 {[%clk 0:46:47]} Rb7 {[%clk 0:19:39]} 24. Rb1
{[%clk 0:45:48]} Rhb8 {[%clk 0:16:34]} 25. Rhd1 {[%clk 0:44:19]} Qb6
{[%clk 0:12:35]} 26. Qxb6 {[%clk 0:43:49]} axb6 {[%clk 0:13:00]} 27. Rd6
{[%clk 0:43:07]} Rc8 {[%clk 0:12:26]} 28. Rbd1 {[%clk 0:42:51]} Rd7
{[%clk 0:09:54]} 29. Rxd7 {[%clk 0:39:51]} Nxd7 {[%clk 0:10:21]} 30. Rd6
{[%clk 0:39:16]} Kf8 {[%clk 0:10:23]} 31. Ng3 {[%clk 0:38:34]} Ke7
{[%clk 0:10:42]} 32. Rd1 {[%clk 0:38:34]} Nc5 {[%clk 0:10:48]} 33. Kb1
{[%clk 0:37:40]} b5 {[%clk 0:09:31]} 34. Nf1 {[%clk 0:35:20]} f6 {[%clk 0:06:56]}
35. Ne3 {[%clk 0:33:19]} f5 {[%clk 0:06:18]} 36. exf5 {[%clk 0:32:25]} gxf5
{[%clk 0:06:37]} 37. Rg1 {[%clk 0:21:48]} Rg8 {[%clk 0:06:34]} 38. Kc1
{[%clk 0:20:21]} f4 {[%clk 0:06:16]} 39. Ned1 {[%clk 0:20:06]} Kf6
{[%clk 0:04:10]} 40. Nf2 {[%clk 0:19:11]} Bf5 {[%clk 0:03:06]} 41. Kd2
{[%clk 0:14:40]} Rd8+ {[%clk 0:02:25]} 42. Kc1 {[%clk 0:14:45]} Rg8
{[%clk 0:02:41]} 43. Kd2 {[%clk 0:14:19]} Rd8+ {[%clk 0:02:09]} 44. Kc1
{[%clk 0:13:34]} 1/2-1/2

[Event "v4camp2016"]
[Site "?"]
[Date "2016.06.22"]
[Round "2.12"]
[White "Khlopushin, Dmitriy"]
[Black "Datelova, Daniela"]
[Result "1-0"]
[BlackElo "1331"]
[WhiteElo "1697"]
[LiveChessVersion "1.4.8"]

1. e4 {[%clk 1:30:58]} d5 {[%clk 1:30:45]} 2. exd5 {[%clk 1:31:20]} Nf6
{[%clk 1:30:53]} 3. Nf3 {[%clk 1:31:16]} Nxd5 {[%clk 1:30:58]} 4. d4
{[%clk 1:31:07]} Nc6 {[%clk 1:30:42]} 5. c3 {[%clk 1:26:49]} Bf5 {[%clk 1:30:32]}
6. Bc4 {[%clk 1:26:42]} e6 {[%clk 1:30:08]} 7. Qb3 {[%clk 1:24:37]} Rb8
{[%clk 1:26:42]} 8. Bb5 {[%clk 1:23:51]} Bd6 {[%clk 1:25:06]} 9. Bg5
{[%clk 1:16:27]} f6 {[%clk 1:24:09]} 10. Bd2 {[%clk 1:16:52]} Be7
{[%clk 1:16:22]} 11. c4 {[%clk 1:12:52]} Nb6 {[%clk 1:16:24]} 12. Nc3
{[%clk 1:13:09]} O-O {[%clk 1:14:23]} 13. d5 {[%clk 1:07:28]} Ne5
{[%clk 1:10:33]} 14. Nxe5 {[%clk 1:05:28]} fxe5 {[%clk 1:10:47]} 15. O-O
{[%clk 1:04:17]} exd5 {[%clk 1:07:42]} 16. cxd5 {[%clk 1:04:00]} Bd6
{[%clk 1:07:21]} 17. Ne2 {[%clk 1:03:04]} Qf6 {[%clk 1:04:17]} 18. Be3
{[%clk 1:02:18]} Rbc8 {[%clk 1:03:33]} 19. Ng3 {[%clk 1:02:02]} Kh8
{[%clk 1:02:20]} 20. Bd3 {[%clk 1:01:53]} Bxd3 {[%clk 0:59:40]} 21. Qxd3
{[%clk 1:02:18]} h6 {[%clk 0:53:26]} 22. Rac1 {[%clk 1:01:54]} Qf7
{[%clk 0:53:06]} 23. Rfd1 {[%clk 1:01:56]} Qf6 {[%clk 0:51:19]} 24. Ne4
{[%clk 1:01:03]} Qe7 {[%clk 0:51:19]} 25. Nc5 {[%clk 1:00:33]} c6
{[%clk 0:49:47]} 26. dxc6 {[%clk 0:58:02]} Rxc6 {[%clk 0:50:07]} 27. Nxb7
{[%clk 0:57:50]} Qxb7 {[%clk 0:49:12]} 28. Rxc6 {[%clk 0:58:11]} Qxc6
{[%clk 0:49:09]} 29. Qxd6 {[%clk 0:58:35]} Rc8 {[%clk 0:45:44]} 30. Qxe5
{[%clk 0:55:50]} Qc2 {[%clk 0:45:41]} 31. Rf1 {[%clk 0:55:45]} Qd3
{[%clk 0:45:21]} 32. Bxh6 {[%clk 0:55:48]} Rg8 {[%clk 0:45:12]} 33. Be3
{[%clk 0:56:08]} Qg6 {[%clk 0:43:28]} 34. Bxb6 {[%clk 0:56:26]} axb6
{[%clk 0:43:31]} 35. h3 {[%clk 0:56:27]} Re8 {[%clk 0:43:23]} 36. Qg3
{[%clk 0:56:35]} Qe6 {[%clk 0:43:30]} 37. b3 {[%clk 0:56:32]} Qe2
{[%clk 0:43:47]} 38. Qh4+ {[%clk 0:56:56]} Kg8 {[%clk 0:43:51]} 39. Qc4+
{[%clk 0:57:24]} Qxc4 {[%clk 0:43:25]} 40. bxc4 {[%clk 0:57:49]} Re2
{[%clk 0:43:46]} 41. Rb1 {[%clk 0:58:05]} Rxa2 {[%clk 0:43:51]} 42. Rxb6
{[%clk 0:58:26]} Rc2 {[%clk 0:44:12]} 43. Rc6 {[%clk 0:58:50]} Rc1+
{[%clk 0:43:43]} 44. Kh2 {[%clk 0:59:14]} Kh7 {[%clk 0:43:54]} 45. f4
{[%clk 0:59:29]} g6 {[%clk 0:44:00]} 46. Rc8 {[%clk 0:59:40]} Kg7
{[%clk 0:44:17]} 47. c5 {[%clk 1:00:04]} Kf7 {[%clk 0:44:30]} 48. c6
{[%clk 1:00:09]} Ke7 {[%clk 0:44:35]} 49. c7 {[%clk 1:00:12]} Kd7
{[%clk 0:44:42]} 50. Rg8 {[%clk 1:00:36]} 1-0

[Event "v4camp2016"]
[Site "?"]
[Date "2016.06.22"]
[Round "2.13"]
[White "Chwistek, Karel"]
[Black "Suchomelova, Simona"]
[Result "1/2-1/2"]
[BlackElo "1833"]
[WhiteElo "1945"]
[LiveChessVersion "1.4.8"]

1. e4 {[%clk 1:30:57]} e6 {[%clk 1:30:02]} 2. d3 {[%clk 1:29:20]} d5
{[%clk 1:29:42]} 3. Qe2 {[%clk 1:29:29]} d4 {[%clk 1:21:14]} 4. f4
{[%clk 1:27:40]} c5 {[%clk 1:17:34]} 5. Nf3 {[%clk 1:26:32]} Nc6 {[%clk 1:17:22]}
6. g4 {[%clk 1:23:10]} Bd7 {[%clk 1:14:08]} 7. Bh3 {[%clk 1:18:18]} Qe7
{[%clk 1:09:19]} 8. e5 {[%clk 1:16:42]} h5 {[%clk 0:58:44]} 9. g5
{[%clk 1:13:20]} f6 {[%clk 0:56:33]} 10. Na3 {[%clk 1:04:21]} O-O-O
{[%clk 0:44:09]} 11. Nc4 {[%clk 0:59:39]} Qf7 {[%clk 0:40:56]} 12. Bd2
{[%clk 0:44:14]} f5 {[%clk 0:39:20]} 13. a4 {[%clk 0:41:12]} g6 {[%clk 0:37:47]}
14. O-O {[%clk 0:37:21]} Kb8 {[%clk 0:31:31]} 15. c3 {[%clk 0:32:12]} Nge7
{[%clk 0:30:17]} 16. cxd4 {[%clk 0:24:32]} Nxd4 {[%clk 0:28:24]} 17. Nxd4
{[%clk 0:24:15]} cxd4 {[%clk 0:28:50]} 18. Ba5 {[%clk 0:20:34]} b6
{[%clk 0:28:19]} 19. Nd6 {[%clk 0:20:19]} Qg7 {[%clk 0:27:53]} 20. Bb4
{[%clk 0:19:56]} Nd5 {[%clk 0:25:55]} 21. Qd2 {[%clk 0:19:47]} Nxb4
{[%clk 0:23:58]} 22. Qxb4 {[%clk 0:20:16]} Bc6 {[%clk 0:23:38]} 23. Rfc1
{[%clk 0:20:13]} Bd5 {[%clk 0:22:02]} 24. a5 {[%clk 0:17:17]} Bxd6
{[%clk 0:17:02]} 25. exd6 {[%clk 0:17:32]} Qb7 {[%clk 0:05:22]} 26. Rc7
{[%clk 0:08:42]} Qa6 {[%clk 0:05:03]} 27. Qxd4 {[%clk 0:08:10]} bxa5
{[%clk 0:04:25]} 28. Rc5 {[%clk 0:07:00]} Qxd6 {[%clk 0:03:32]} 29. Raxa5
{[%clk 0:04:52]} Bb7 {[%clk 0:03:12]} 30. Qxd6+ {[%clk 0:03:54]} Rxd6
{[%clk 0:03:41]} 31. Bf1 {[%clk 0:02:45]} Rd4 {[%clk 0:02:12]} 32. Rc4
{[%clk 0:02:44]} Rhd8 {[%clk 0:01:49]} 33. Raa4 {[%clk 0:02:50]} Rxc4
{[%clk 0:01:53]} 34. Rxc4 {[%clk 0:02:21]} Rd6 {[%clk 0:01:23]} 35. Kf2
{[%clk 0:02:30]} Ba6 {[%clk 0:01:10]} 36. Rb4+ {[%clk 0:02:57]} Kc7
{[%clk 0:01:12]} 37. Ke3 {[%clk 0:03:10]} Rb6 {[%clk 0:01:08]} 38. Rxb6
{[%clk 0:03:10]} axb6 {[%clk 0:01:33]} 39. Kd4 {[%clk 0:02:52]} Kd6
{[%clk 0:02:00]} 40. Be2 {[%clk 0:03:00]} Bb5 {[%clk 0:01:53]} 41. h4
{[%clk 0:02:16]} Bc6 {[%clk 0:01:35]} 1/2-1/2

[Event "v4camp2016"]
[Site "?"]
[Date "2016.06.22"]
[Round "2.14"]
[White "Nemcova, Kamila"]
[Black "Gemsa, Pavel"]
[Result "0-1"]
[BlackElo "1973"]
[WhiteElo "1743"]
[LiveChessVersion "1.4.8"]

1. e4 {[%clk 1:30:58]} c5 {[%clk 1:30:48]} 2. Nf3 {[%clk 1:31:20]} g6
{[%clk 1:31:05]} 3. d4 {[%clk 1:31:23]} cxd4 {[%clk 1:31:28]} 4. Nxd4
{[%clk 1:31:51]} Nf6 {[%clk 1:31:33]} 5. Nc3 {[%clk 1:32:08]} Nc6
{[%clk 1:31:53]} 6. Nb3 {[%clk 1:27:55]} Bg7 {[%clk 1:23:28]} 7. Be2
{[%clk 1:28:07]} O-O {[%clk 1:23:42]} 8. O-O {[%clk 1:28:32]} a6 {[%clk 1:22:38]}
9. Kh1 {[%clk 1:24:50]} b5 {[%clk 1:22:19]} 10. a3 {[%clk 1:24:59]} d6
{[%clk 1:20:01]} 11. f4 {[%clk 1:24:42]} Nd7 {[%clk 1:19:06]} 12. Be3
{[%clk 1:13:28]} Nb6 {[%clk 1:15:53]} 13. Nd5 {[%clk 1:07:59]} Nxd5
{[%clk 1:10:00]} 14. exd5 {[%clk 1:08:12]} Na5 {[%clk 1:09:48]} 15. Nxa5
{[%clk 1:07:17]} Qxa5 {[%clk 1:07:24]} 16. c3 {[%clk 1:04:20]} Qa4
{[%clk 1:04:14]} 17. Qxa4 {[%clk 0:54:21]} bxa4 {[%clk 1:04:35]} 18. Rad1
{[%clk 0:54:26]} Bf5 {[%clk 1:02:10]} 19. Rd2 {[%clk 0:50:51]} Rfb8
{[%clk 1:01:50]} 20. Bd1 {[%clk 0:47:12]} Bd7 {[%clk 1:00:23]} 21. Re1
{[%clk 0:47:06]} Rb7 {[%clk 0:58:54]} 22. Bg1 {[%clk 0:43:35]} Bf6
{[%clk 0:58:13]} 23. h3 {[%clk 0:23:38]} Rab8 {[%clk 0:56:36]} 24. Ree2
{[%clk 0:24:04]} Bb5 {[%clk 0:55:04]} 25. Re4 {[%clk 0:23:13]} Bf1
{[%clk 0:52:10]} 26. Re1 {[%clk 0:20:15]} Bb5 {[%clk 0:45:59]} 27. Re4
{[%clk 0:17:44]} Bg7 {[%clk 0:43:53]} 28. Bd4 {[%clk 0:11:39]} f5
{[%clk 0:40:58]} 29. Re1 {[%clk 0:10:49]} Bh6 {[%clk 0:39:23]} 30. g3
{[%clk 0:10:03]} Bc4 {[%clk 0:39:32]} 31. Bxa4 {[%clk 0:08:34]} Bxd5+
{[%clk 0:39:06]} 32. Kg1 {[%clk 0:08:09]} Rxb2 {[%clk 0:36:39]} 33. Rxb2
{[%clk 0:07:29]} Rxb2 {[%clk 0:37:01]} 34. Rxe7 {[%clk 0:06:28]} Rg2+
{[%clk 0:34:38]} 35. Kf1 {[%clk 0:06:53]} Rxg3 {[%clk 0:34:37]} 36. Re8+
{[%clk 0:06:11]} Bf8 {[%clk 0:32:48]} 37. Rd8 {[%clk 0:03:57]} Rf3+
{[%clk 0:31:22]} 38. Kg1 {[%clk 0:02:02]} Rxf4 {[%clk 0:30:10]} 39. Rd7
{[%clk 0:00:33]} Re4 {[%clk 0:29:28]} 40. Ra7 {[%clk 0:00:33]} Bc4
{[%clk 0:28:44]} 41. Bc6 {[%clk 0:00:57]} Re7 {[%clk 0:28:08]} 42. Ra8
{[%clk 0:01:03]} Kf7 {[%clk 0:27:49]} 43. Rd8 {[%clk 0:00:53]} h5
{[%clk 0:26:35]} 44. Kg2 {[%clk 0:01:03]} g5 {[%clk 0:26:33]} 45. Bf3
{[%clk 0:01:00]} g4 {[%clk 0:26:36]} 46. hxg4 {[%clk 0:01:27]} hxg4
{[%clk 0:26:57]} 47. Bc6 {[%clk 0:01:46]} f4 {[%clk 0:26:28]} 48. Bd7
{[%clk 0:01:47]} Bd5+ {[%clk 0:26:18]} 49. Kf1 {[%clk 0:01:45]} g3
{[%clk 0:26:15]} 50. Bg4 {[%clk 0:00:45]} f3 {[%clk 0:25:44]} 51. Bh5+
{[%clk 0:00:34]} Kg8 {[%clk 0:26:12]} 52. Rxd6 {[%clk 0:00:42]} Bc4+
{[%clk 0:26:32]} 0-1

[Event "v4camp2016"]
[Site "?"]
[Date "2016.06.22"]
[Round "2.15"]
[White "Vavrinkova, Eliska"]
[Black "Homolkova, Ivana"]
[Result "1/2-1/2"]
[BlackElo "1645"]
[WhiteElo "1679"]
[LiveChessVersion "1.4.8"]

1. d4 {[%clk 1:30:30]} d5 {[%clk 1:30:29]} 2. Nf3 {[%clk 1:30:51]} Nf6
{[%clk 1:30:51]} 3. c4 {[%clk 1:30:44]} e6 {[%clk 1:31:12]} 4. cxd5
{[%clk 1:30:43]} exd5 {[%clk 1:31:35]} 5. Nc3 {[%clk 1:31:05]} c6
{[%clk 1:31:34]} 6. Bg5 {[%clk 1:31:27]} Be7 {[%clk 1:31:56]} 7. Qc2
{[%clk 1:31:26]} g6 {[%clk 1:31:56]} 8. e3 {[%clk 1:28:37]} Bf5 {[%clk 1:32:16]}
9. Bd3 {[%clk 1:28:34]} Bxd3 {[%clk 1:32:30]} 10. Qxd3 {[%clk 1:28:53]} Nbd7
{[%clk 1:32:22]} 11. O-O {[%clk 1:28:51]} O-O {[%clk 1:32:34]} 12. Rab1
{[%clk 1:28:28]} a5 {[%clk 1:32:15]} 13. a3 {[%clk 1:26:32]} Re8 {[%clk 1:30:25]}
14. Rfc1 {[%clk 1:25:21]} Ne4 {[%clk 1:28:41]} 15. Bxe7 {[%clk 1:23:44]} Qxe7
{[%clk 1:28:26]} 16. Qe2 {[%clk 1:23:34]} Ndf6 {[%clk 1:24:58]} 17. b4
{[%clk 1:21:26]} axb4 {[%clk 1:23:39]} 18. axb4 {[%clk 1:21:37]} Nxc3
{[%clk 1:22:58]} 19. Rxc3 {[%clk 1:20:54]} Ne4 {[%clk 1:23:03]} 20. Rcb3
{[%clk 1:18:53]} Nd6 {[%clk 1:22:06]} 21. Ne5 {[%clk 1:16:24]} Ra4
{[%clk 1:13:30]} 22. h3 {[%clk 1:12:56]} Rea8 {[%clk 1:12:16]} 23. Qc2
{[%clk 1:01:46]} Nb5 {[%clk 1:07:11]} 24. Qc5 {[%clk 0:58:41]} Qc7
{[%clk 1:05:13]} 25. Rc1 {[%clk 0:56:55]} Ra1 {[%clk 1:03:27]} 26. Rbb1
{[%clk 0:55:47]} Rxb1 {[%clk 1:02:11]} 27. Rxb1 {[%clk 0:55:40]} Nd6
{[%clk 0:50:56]} 28. Rc1 {[%clk 0:53:20]} Rc8 {[%clk 0:49:29]} 29. Ra1
{[%clk 0:46:40]} f6 {[%clk 0:44:54]} 30. Nd3 {[%clk 0:42:16]} Nc4
{[%clk 0:40:26]} 31. Nf4 {[%clk 0:38:29]} b6 {[%clk 0:39:02]} 32. Nxd5
{[%clk 0:35:51]} bxc5 {[%clk 0:38:43]} 33. Nxc7 {[%clk 0:36:09]} Rxc7
{[%clk 0:39:04]} 34. bxc5 {[%clk 0:36:23]} Rb7 {[%clk 0:35:50]} 35. Ra6
{[%clk 0:36:10]} Rc7 {[%clk 0:35:02]} 36. Kf1 {[%clk 0:36:30]} Nd2+
{[%clk 0:34:55]} 37. Ke2 {[%clk 0:36:32]} Ne4 {[%clk 0:35:08]} 38. Kf3
{[%clk 0:36:30]} Nc3 {[%clk 0:34:12]} 39. e4 {[%clk 0:36:17]} Kf7
{[%clk 0:34:19]} 40. Ke3 {[%clk 0:36:27]} Ke7 {[%clk 0:33:45]} 41. Kd3
{[%clk 0:36:48]} Nb5 {[%clk 0:30:58]} 42. Kc4 {[%clk 0:36:18]} Na7
{[%clk 0:27:49]} 43. d5 {[%clk 0:33:58]} Kd7 {[%clk 0:27:35]} 44. d6
{[%clk 0:31:30]} Rb7 {[%clk 0:27:46]} 45. g4 {[%clk 0:31:28]} Nb5
{[%clk 0:25:20]} 46. f4 {[%clk 0:29:32]} Na7 {[%clk 0:22:52]} 47. Ra1
{[%clk 0:25:53]} Ke6 {[%clk 0:22:38]} 48. Re1 {[%clk 0:25:50]} Nb5
{[%clk 0:21:31]} 49. e5 {[%clk 0:24:46]} Na3+ {[%clk 0:21:37]} 50. Kc3
{[%clk 0:24:46]} Rb5 {[%clk 0:20:34]} 51. exf6+ {[%clk 0:24:47]} Kxf6
{[%clk 0:20:26]} 52. d7 {[%clk 0:24:29]} Rxc5+ {[%clk 0:20:14]} 53. Kb4
{[%clk 0:24:24]} Rd5 {[%clk 0:20:32]} 54. Kxa3 {[%clk 0:24:29]} Rxd7
{[%clk 0:20:20]} 55. Re3 {[%clk 0:23:48]} Re7 {[%clk 0:19:57]} 56. Rc3
{[%clk 0:21:02]} Rc7 {[%clk 0:20:21]} 57. Kb4 {[%clk 0:20:41]} Ke6
{[%clk 0:19:40]} 58. Kc5 {[%clk 0:20:32]} Rf7 {[%clk 0:16:45]} 59. Rc4
{[%clk 0:19:55]} Kd7 {[%clk 0:15:46]} 60. Kb6 {[%clk 0:18:19]} Rf6
{[%clk 0:15:16]} 61. Ra4 {[%clk 0:18:02]} Kd6 {[%clk 0:13:07]} 62. Rd4+
{[%clk 0:17:43]} 1/2-1/2

[Event "v4camp2016"]
[Site "?"]
[Date "2016.06.22"]
[Round "2.16"]
[White "Broz, Petr"]
[Black "Gemsova, Tereza"]
[Result "1-0"]
[BlackElo "1457"]
[WhiteElo "1621"]
[LiveChessVersion "1.4.8"]

1. e4 {[%clk 1:30:54]} e5 {[%clk 1:30:36]} 2. f4 {[%clk 1:30:53]} d6
{[%clk 1:30:50]} 3. Nf3 {[%clk 1:29:51]} Nc6 {[%clk 1:30:37]} 4. Nc3
{[%clk 1:27:04]} g6 {[%clk 1:29:31]} 5. Bc4 {[%clk 1:25:06]} exf4
{[%clk 1:26:47]} 6. O-O {[%clk 1:22:09]} Ne5 {[%clk 1:26:37]} 7. Bb3
{[%clk 1:20:52]} Bg4 {[%clk 1:26:24]} 8. Nxe5 {[%clk 1:17:50]} dxe5
{[%clk 1:19:20]} 9. Qxg4 {[%clk 1:18:07]} Nf6 {[%clk 1:19:14]} 10. Qe2
{[%clk 1:15:55]} Bg7 {[%clk 1:19:01]} 11. Qb5+ {[%clk 1:15:30]} Nd7
{[%clk 1:14:32]} 12. d3 {[%clk 1:11:38]} b6 {[%clk 1:13:43]} 13. Bxf4
{[%clk 1:11:27]} exf4 {[%clk 1:12:04]} 14. Rxf4 {[%clk 1:11:45]} O-O
{[%clk 1:11:30]} 15. Raf1 {[%clk 1:11:42]} Ne5 {[%clk 1:06:52]} 16. Bd5
{[%clk 1:10:33]} Rc8 {[%clk 1:05:35]} 17. Qb3 {[%clk 1:09:34]} Qe7
{[%clk 1:04:30]} 18. Bb7 {[%clk 1:06:54]} Rb8 {[%clk 1:03:45]} 19. Ba6
{[%clk 1:04:59]} Bh6 {[%clk 0:58:07]} 20. Rf6 {[%clk 0:58:24]} Bg5
{[%clk 0:57:50]} 21. Nd5 {[%clk 0:57:57]} Qd8 {[%clk 0:57:18]} 22. d4
{[%clk 0:57:22]} c6 {[%clk 0:36:05]} 23. dxe5 {[%clk 0:55:18]} cxd5
{[%clk 0:36:16]} 24. Rd6 {[%clk 0:54:55]} Qe7 {[%clk 0:35:32]} 25. Qxd5
{[%clk 0:54:30]} Rbd8 {[%clk 0:33:25]} 26. Bc4 {[%clk 0:54:40]} Be3+
{[%clk 0:33:20]} 27. Kh1 {[%clk 0:55:03]} Bc5 {[%clk 0:33:26]} 28. Rxd8
{[%clk 0:55:27]} Rxd8 {[%clk 0:33:40]} 29. Rxf7 {[%clk 0:55:17]} Rxd5
{[%clk 0:27:44]} 30. Rxe7 {[%clk 0:55:41]} Bxe7 {[%clk 0:27:59]} 31. exd5
{[%clk 0:55:59]} Kf8 {[%clk 0:28:02]} 32. d6 {[%clk 0:56:20]} Bg5
{[%clk 0:27:51]} 33. e6 {[%clk 0:56:45]} Bf6 {[%clk 0:22:43]} 34. e7+
{[%clk 0:55:12]} Bxe7 {[%clk 0:21:02]} 35. dxe7+ {[%clk 0:55:38]} Kxe7
{[%clk 0:21:19]} 36. g4 {[%clk 0:55:34]} g5 {[%clk 0:21:36]} 37. Kg2
{[%clk 0:55:51]} h6 {[%clk 0:21:50]} 38. Kf3 {[%clk 0:56:02]} Kd6
{[%clk 0:21:54]} 39. Ke4 1-0

[Event "v4camp2016"]
[Site "?"]
[Date "2016.06.22"]
[Round "2.17"]
[White "Durica, Adam"]
[Black "Gorog, Almos"]
[Result "1-0"]
[BlackElo "1976"]
[WhiteElo "1761"]
[LiveChessVersion "1.4.8"]

1. Nf3 {[%clk 1:30:56]} d5 {[%clk 1:30:45]} 2. g3 {[%clk 1:31:19]} Nf6
{[%clk 1:30:44]} 3. Bg2 {[%clk 1:31:30]} c5 {[%clk 1:29:49]} 4. O-O
{[%clk 1:31:43]} Nc6 {[%clk 1:28:39]} 5. d3 {[%clk 1:31:46]} Bg4 {[%clk 1:23:28]}
6. Nbd2 {[%clk 1:31:22]} Qd7 {[%clk 1:23:11]} 7. c4 {[%clk 1:30:30]} d4
{[%clk 1:19:33]} 8. Ng5 {[%clk 1:27:13]} h6 {[%clk 1:16:10]} 9. Nge4
{[%clk 1:27:33]} Nxe4 {[%clk 1:15:38]} 10. Nxe4 {[%clk 1:27:38]} e5
{[%clk 1:14:55]} 11. f4 {[%clk 1:25:55]} O-O-O {[%clk 1:02:20]} 12. Nf2
{[%clk 1:19:29]} Be6 {[%clk 1:00:46]} 13. Qa4 {[%clk 1:18:11]} f5
{[%clk 0:48:35]} 14. fxe5 {[%clk 1:15:50]} g5 {[%clk 0:48:36]} 15. a3
{[%clk 1:14:59]} a6 {[%clk 0:30:25]} 16. Bd2 {[%clk 1:13:22]} Nxe5
{[%clk 0:29:46]} 17. Qc2 {[%clk 1:13:36]} Qc7 {[%clk 0:25:55]} 18. b4
{[%clk 1:13:33]} Ng6 {[%clk 0:21:41]} 19. Rab1 {[%clk 1:13:02]} Bd7
{[%clk 0:18:51]} 20. bxc5 {[%clk 1:13:19]} Bc6 {[%clk 0:18:24]} 21. Bxc6
{[%clk 1:13:44]} bxc6 {[%clk 0:18:46]} 22. Qa4 {[%clk 1:13:55]} Kd7
{[%clk 0:16:16]} 23. Ba5 {[%clk 1:14:04]} Qc8 {[%clk 0:16:14]} 24. Bxd8
{[%clk 1:14:23]} Kxd8 {[%clk 0:16:26]} 25. Rb6 {[%clk 1:14:34]} Bxc5
{[%clk 0:16:18]} 26. Rxc6 {[%clk 1:14:58]} Qd7 {[%clk 0:16:43]} 27. Qxa6
{[%clk 1:15:23]} 1-0

[Event "v4camp2016"]
[Site "?"]
[Date "2016.06.22"]
[Round "2.18"]
[White "Zlotov, Viktor"]
[Black "Holly, Andrej"]
[Result "1/2-1/2"]
[BlackElo "1752"]
[WhiteElo "1533"]
[LiveChessVersion "1.4.8"]

1. e4 {[%clk 1:30:57]} c5 {[%clk 1:30:56]} 2. Nf3 {[%clk 1:31:16]} Nc6
{[%clk 1:31:10]} 3. d4 {[%clk 1:31:31]} cxd4 {[%clk 1:31:35]} 4. Nxd4
{[%clk 1:31:46]} g6 {[%clk 1:31:48]} 5. Nc3 {[%clk 1:31:45]} Bg7 {[%clk 1:31:49]}
6. Be3 {[%clk 1:31:49]} Nf6 {[%clk 1:31:53]} 7. Bc4 {[%clk 1:31:39]} d6
{[%clk 1:31:56]} 8. f3 {[%clk 1:26:03]} Bd7 {[%clk 1:30:11]} 9. Bb3
{[%clk 1:24:49]} Rc8 {[%clk 1:28:14]} 10. Qd2 {[%clk 1:21:55]} O-O
{[%clk 1:26:25]} 11. O-O-O {[%clk 1:21:57]} Ne5 {[%clk 1:20:54]} 12. h4
{[%clk 1:19:16]} h5 {[%clk 1:20:07]} 13. g4 {[%clk 1:18:46]} hxg4
{[%clk 1:19:36]} 14. h5 {[%clk 1:17:51]} Nxh5 {[%clk 1:10:41]} 15. Bh6
{[%clk 1:15:34]} b5 {[%clk 1:04:25]} 16. Bxg7 {[%clk 1:04:57]} Kxg7
{[%clk 1:03:58]} 17. f4 {[%clk 1:01:53]} Nc4 {[%clk 0:59:45]} 18. Bxc4
{[%clk 1:01:49]} Rxc4 {[%clk 0:59:38]} 19. e5 {[%clk 0:58:27]} b4
{[%clk 0:56:12]} 20. Nd5 {[%clk 0:52:58]} Qa5 {[%clk 0:47:15]} 21. Kb1
{[%clk 0:50:37]} dxe5 {[%clk 0:40:48]} 1/2-1/2